| 000 | 00905nam a2200253 a 4500 | ||
|---|---|---|---|
| 005 | 20210219160337.0 | ||
| 008 | 081013s1988 mx r 000 0 spa d | ||
| 035 | _aUPN01000163430 | ||
| 049 | _aUNE | ||
| 080 | _a392.3 (7/8) "1987" FAM No.6. | ||
| 111 | 2 |
_aReunión de Expertos sobre el Rol de la Familia en los Procesos de Desarrollo _d(1987 : |
|
| 245 | 1 | 0 | _aFamilia y desarrollo en América Latina y el Caribe. |
| 260 |
_aCaracas : _bURSHSLAC : _bUNESCO, _c1988. |
||
| 300 |
_a202 p. : _bil. |
||
| 440 | 0 | _aEstudios y documentos URSHSLAC | |
| 500 | _aIncluye anexos | ||
| 500 | _aIncluye bibliografía | ||
| 690 | _aFamilia - América Latina | ||
| 690 | _aRoles dentro de la familia - América Latina | ||
| 690 | _aAmérica Latina - Familia | ||
| 710 | 2 | _aUNESCO | |
| 710 | 2 |
_aURSHSLAC. _bUnidad Regional de Ciencias Humanas y Sociales para América Latina y el Caribe |
|
| 905 | _aUNESCO | ||
| 999 |
_c135543 _d135543 |
||